| 000 | 01123cab a2200301 4500 | ||
|---|---|---|---|
| 001 | ABS51105 | ||
| 008 | 090401t1994 xxu||||| |||| 00| 0 eng d | ||
| 035 | _a(Sirsi) u10342 | ||
| 041 | _aeng | ||
| 100 | _aPeet, C. | ||
| 245 | 4 | _aThe Termination of Tenancies bill | |
| 260 | _c1994 | ||
| 350 | _a0 | ||
| 490 |
_aEstates Gazette _v(9426) 2 July 1994, 133-135(3) |
||
| 520 | _aLooks at Law Commission proposals to clarify the termination of tenancies which have been incorporated in a draft Bill. Discusses some of the most significant proposals and their potential impact. | ||
| 650 | _aFORFEITURE | ||
| 650 | _aLAW COMMISSION | ||
| 650 | _aLAW OF PROPERTY (REPAIRS) ACT 1938 | ||
| 650 | _aLAW OF PROPERTY ACT 1925 | ||
| 650 | _aLEASES | ||
| 650 | _aRE BROMPTON SECURITIES LTD(NO 2) | ||
| 650 | _aPROPERTY-RESIDENTIAL PROPERTY-RESIDENTIAL LANDLORD AND TENANT-RESIDENTIAL TENANCIES | ||
| 650 | _aTERMINATION OF TENANCIES BILL | ||
| 650 | _aTERMINATION ORDER SCHEME | ||
| 690 | _aPROPERTY-RESIDENTIAL PROPERTY-RESIDENTIAL LANDLORD AND TENANT-RESIDENTIAL TENANCIES | ||
| 942 | _n0 | ||
| 948 | _c04/03/1997 | ||
| 999 |
_c6512 _d6512 |
||